000 01457nam0a22003011 4500
001 rc\2634955
005 20230510134520.0
035 _a(NLR Aleph) 006798361
090 _a6217184
_c6217184
100 _a20110914d1932 |||y0rusy50 ca
101 0 _arus
102 _aRU
105 _ay z |||||
200 1 _aСборник тем для рабочих изобретателей и рационализаторов по механизации и рационализации рабочих процессов в торговых предприятиях
_fСоставлен бригадой рационализаторов ЛСПО: Н. И. Ивановым, С. Г. Крутиловым, П. Г. Паечкиным и П. Л. Танеевым
_gПод общ. ред. В. Э. Евзерова
210 _aЛенинград
_cЛен. обл. отд. изд-ва "За пищевую индустрию"
_d1932
_gтип. им. т. Чудова
215 _a27 с.
_d21х15 см.
702 1 _aЕвзеров
_bВ. Э.
_4340
702 1 _aТанеев
_bП. Л.
_4220
702 1 _aКрутилов
_bС. Г.
_4220
702 1 _aПаечкин
_bП. Г.
_4220
702 1 _aИванов
_bН. И.
_4220
710 0 2 _aЛенинградский союз потребительских о-в
_3RU\NLR\AUTH\889953807
801 0 _aRU
_bNLR
_gpsbo
801 1 _aRU
_bELAR
_2rusmarc
852 _aNLR
_j33-10/416
942 _cBOOK
980 _aNB